| 000 | 01440nam a2200361 i 4500 | ||
|---|---|---|---|
| 001 | 000022591 | ||
| 003 | DO-SdBNP | ||
| 005 | 20241016142251.0 | ||
| 007 | ta | ||
| 008 | 091125s2009 dr 001 0 spa d | ||
| 020 | _a9789993495383 | ||
| 040 |
_aDO-SdBNP _bspa _cBNPHU _erda |
||
| 041 | _aspa | ||
| 082 | 4 |
_a346.7293043 _bR426Le _222 |
|
| 110 | 1 |
_aRepública Dominicana. _9447 |
|
| 240 | 1 | 3 | _aLey 108-05 de registro inmobiliario |
| 245 | 1 | 0 |
_aLey 108-05 de registro inmobiliario : _bcomentada, anotada y corregida con sus reglamentos / _cdirector, Fabio J. Guzmán Ariza ; presentación, Pedro Romero Confesor. |
| 264 | 4 |
_aSanto Domingo, República Dominicana : _bEditora Judicial, _c©2009. |
|
| 300 |
_a502 páginas ; _c23 cm. |
||
| 336 |
_atexto _btxt _2rdacontent |
||
| 337 |
_asin mediación _bn _2rdamedia |
||
| 338 |
_avolumen _bnc _2rdacontent |
||
| 490 | 0 | _aGaceta judicial, colección leyes anotadas | |
| 500 | _aIncluye notas al pie de las páginas | ||
| 500 | _aIncluye datos biográficos del autor en la solapa de la cubierta | ||
| 500 | _aCon actualización continua | ||
| 590 | _aInventariado, 2023/MFF | ||
| 650 | 4 |
_aRegistro de propiedad _zRepública Dominicana _984746 |
|
| 700 | 1 |
_aGumán Ariza, Fabio J. _d1949- _q (Fabio José Guzmán Ariza), _edirector _946489 _4dr. |
|
| 700 | 1 |
_aConfesor, Pedro Roberto _epresentador _4pr. _946490 |
|
| 910 | _aValidado. Control de calidad MFF | ||
| 942 |
_2ddc _cLBS1 |
||
| 999 |
_c22088 _d22088 |
||